000 02592nam#a2200745#i#4500
001 991053142229605066
003 NyNyJPI
005 20260410170037.0
006 m o d |
007 cr#cn#nnnann|n
008 250425s2024 xxuabo o |000 0beng c
009 b1000006112209
015 _aPZ 2024
020 _a9781639367634
035 _a(PL)b1000006112209
035 _a(EXLNZ-48OMNIS_NETWORK)9914653251305606
040 _aWA N
_cWA N
_dWA N
044 _axxu
_axxk
045 2 _bd1909
_bd2009
046 _k2024
080 _81.1\x
_a94(100)"1939/1945":355.40
080 _81.2\x
_a94(438).082.21
080 _81.3\x
_a94(438).083.3
080 _81.4\x
_a929-052(438)"19"
080 _81.5\x
_a(0.034)
080 _81.6\x
_a(0.054)
084 _a10
100 1 _aMulley, Clare
_d(1969- )
_eAutor
245 1 0 _aAgent Zo :
_bthe untold story of a fearless World War II resistance fighter /
_cClare Mulley.
246 3 0 _aUntold story of a fearless World War II resistance fighter
256 _aDane tekstowe.
260 _aNew York ;
_aLondon :
_bPegasus Books,
_c2024.
336 _aTekst
_btxt
_2rdacontent
337 _aKomputer
_bc
_2rdamedia
338 _aPublikacja online
_bcr
_2rdacarrier
347 _aPlik tekstowy
_bEPUB
_c40,33 MB
380 _aE-booki
380 _aLiteratura faktu, eseje, publicystyka
388 1 _a2001-
500 _aŹródło opisu: https://www.simonandschuster.com/books/Agent-Zo/Clare-Mulley/9781639367634 ; https://www.amazon.com/dp/B0CV2B91XJ ; https://catalog.denverlibrary.org/search/title.aspx?ctx=1.1033.0.0.6&pos=1&cn=2652027 ; https://denver.overdrive.com/media/10480295, dostęp 25.04.2025.
500 _aTytuł z ekranu tytułowego.
504 _aBibliografia.
530 _aPublikacja dostępna także w wersji drukowanej.
538 _aTryb dostępu: online.
600 1 7 _aZawacka, Elżbieta
_d(1909-2009)
_2DBN
610 2 7 _aWojskowa Służba Kobiet (Armia Krajowa)
_2DBN
648 7 _a1901-2000
_2DBN
648 7 _a2001-
_2DBN
650 7 _aCichociemni
_2DBN
650 7 _aGenerałowie
_2DBN
650 7 _aKampania wrześniowa (1939)
_2DBN
650 7 _aKobieta
_2DBN
650 7 _aKurierzy państwa podziemnego
_2DBN
650 7 _aPowstanie warszawskie (1944)
_2DBN
650 7 _aRuch oporu
_2DBN
650 7 _aWięźniowie polityczni
_2DBN
651 7 _aFrancja
_2DBN
651 7 _aNiemcy
_2DBN
651 7 _aPolska
_2DBN
651 7 _aWielka Brytania
_2DBN
655 7 _aBiografia
_2DBN
658 _aBezpieczeństwo i wojskowość
658 _aHistoria
942 _2z
_cBK
_n0
999 _c91094
_d91094